[Event "Europe Echecs online op April"]
[Site "Europe Echecs INT"]
[Date "2020.04.11"]
[Round "7"]
[White "Jimenez, Georges"]
[Black "Bourdon, Philippe"]
[Result "1-0"]
[WhiteElo "1754"]
[BlackElo "1934"]
[PlyCount "107"]
[EventDate "2020.04.11"]
[EventType "swiss (blitz)"]
[EventRounds "11"]
[EventCountry "FRA"]
[SourceTitle "EXT 2021"]
[Source "ChessBase"]
[SourceDate "2020.10.23"]
[SourceVersion "1"]
[SourceVersionDate "2020.10.23"]
[SourceQuality "1"]

1. d4 Nf6 2. Nf3 d5 3. e3 Bf5 4. Bd3 e6 5. 0-0 c6 6. Nbd2 Bd6 7. Qe2 0-0 8. e4 dxe4 9. Nxe4 Nxe4 10. Bxe4 Bxe4 11. Qxe4 Nd7 12. Bg5 Be7 13. Bxe7 Qxe7 14. Rad1 Nf6 15. Qh4 Rad8 16. Rd2 Rfe8 17. Rfd1 Nd5 18. Qxe7 Nxe7 19. Ne5 f6 20. Nf3 Kf7 21. c3 Rd7 22. Re2 Nd5 23. g3 Rde7 24. Rde1 Nc7 25. Nd2 e5 26. Nc4 Re6 27. dxe5 fxe5 28. Kg2 Kf6 29. Nd2 Kf7 30. Ne4 h6 31. Nc5 R6e7 32. Nxb7 Nd5 33. Nd6+ Kf8 34. Nxe8 Rxe8 35. Rxe5 Rd8 36. Re6 Rc8 37. Rd6 Rb8 38. b3 Nxc3 39. Rxc6 Nxa2 40. Ra6 Rb7 41. Ra1 Nb4 42. Rxa7 Rxa7 43. Rxa7 g5 44. Rb7 Nd5 45. b4 g4 46. b5 Ke8 47. Rb8+ Kd7 48. b6 Kc6 49. Rh8 Kxb6 50. Rxh6+ Kc5 51. Rg6 Kd4 52. Rxg4+ Ke5 53. Rg5+ Ke6 54. Rxd5 1-0